Loading...

Careless husband /

Bibliographic Details
Main Author: Cibber, Colley
Other Authors: William W. Appleton (Editor)
Format: Printed Book
Language:English
Published: Arnold Publishers, 1967.
Subjects:
LEADER 00499nam a2200157Ia 4500
008 150624b xxu||||| |||| 00| d eng d
082 |a 822.4C2 
100 |a Cibber, Colley 
245 |a Careless husband /  |c Colley Cibber 
260 |b Arnold Publishers,  |c 1967. 
300 |a 135 p. 
650 |v Drama 
700 |a William W. Appleton  |e editor. 
942 |c BK 
999 |c 1837  |d 1837 
952 |0 0  |1 0  |4 0  |6 822_000000000000000_4C2_CAR  |7 0  |9 1836  |a UL  |b UL  |c ST2  |d 1998-09-24  |l 0  |o 822.4C2 CAR  |p 3627  |r 2012-10-27  |w 2012-10-27  |y BK